[Event "LAT-ch"]
[Site "Riga"]
[Date "2019.05.01"]
[Round "4"]
[White "Kolasa, Pjotrs"]
[Black "Smorodinskis, Igors"]
[Result "1/2-1/2"]
[WhiteElo "2020"]
[BlackElo "2209"]
[PlyCount "85"]
[EventDate "2019.04.29"]
[EventType "swiss"]
[EventRounds "9"]
[EventCountry "LAT"]
[SourceTitle "CBM 190 Extra"]
[Source "ChessBase"]
[SourceDate "2019.07.15"]
[SourceVersion "1"]
[SourceVersionDate "2019.07.15"]
[SourceQuality "1"]

1. d4 Nf6 2. c4 g6 3. Nc3 d5 4. cxd5 Nxd5 5. Bd2 Bg7 6. e4 Nxc3 7. Bxc3 0-0 8. Bc4 c5 9. d5 Nd7 10. Bxg7 Kxg7 11. Nf3 Nb6 12. Qb3 e6 13. 0-0 Nxc4 14. Qxc4 exd5 15. exd5 b6 16. Rfe1 Qf6 17. b4 cxb4 18. Qxb4 Rd8 19. Rad1 Bb7 20. d6 Bxf3 21. gxf3 Rd7 22. Re3 Rad8 23. Red3 h5 24. a4 Qg5+ 25. Kh1 Qf5 26. Qe4 Qf6 27. Qc6 Qe5 28. Kg2 Qf6 29. h3 Qg5+ 30. Kh2 Qf5 31. Qe4 Qc5 32. Qd4+ Qxd4 33. Rxd4 Rc8 34. Kg3 Rc5 35. h4 Kf6 36. f4 Rc3+ 37. f3 Rc2 38. Re1 Rc6 39. Red1 Kf5 40. Rd5+ Ke6 41. Re5+ Kf6 42. Red5 a6 43. R1d4 1/2-1/2

[Event "Olaine rapid op"]
[Site "Olaine"]
[Date "2018.11.25"]
[Round "7"]
[White "Rogule, Laura"]
[Black "Smorodinskis, Igors"]
[Result "1-0"]
[WhiteElo "2263"]
[BlackElo "2209"]
[PlyCount "99"]
[EventDate "2018.11.25"]
[EventType "swiss (rapid)"]
[EventRounds "9"]
[EventCountry "LAT"]
[SourceTitle "CBM 187 Extra"]
[Source "ChessBase"]
[SourceDate "2018.11.04"]
[SourceVersion "1"]
[SourceVersionDate "2018.11.04"]
[SourceQuality "1"]

1. c4 Nf6 2. Nf3 g6 3. g3 Bg7 4. Bg2 0-0 5. 0-0 d6 6. d4 c5 7. Nc3 Nc6 8. d5 Na5 9. Nd2 a6 10. a4 Rb8 11. Qc2 Bd7 12. e4 e5 13. Qd3 b6 14. Ra3 Ne8 15. h3 Nxc4 16. Nxc4 b5 17. axb5 axb5 18. Na5 b4 19. Ra1 bxc3 20. Qxc3 Ra8 21. b4 cxb4 22. Qxb4 Rb8 23. Qd2 Rc8 24. Ba3 f5 25. exf5 Bxf5 26. Nc6 Qc7 27. g4 Bd7 28. Ne7+ Kh8 29. Rac1 Qd8 30. Nxc8 Bxc8 31. Bb4 Ba6 32. Rfe1 Qb6 33. Rc6 Qb7 34. Bxd6 Nxd6 35. Rxd6 e4 36. Rxe4 Qb5 37. Re1 Bb7 38. Rde6 Bc8 39. Re7 Qc5 40. R7e4 h6 41. Re8 Kh7 42. Rxf8 Qxf8 43. d6 Bd7 44. Re7 Bb5 45. d7 Qd8 46. Rf7 Kg8 47. Qd5 Qa5 48. d8Q+ Qxd8 49. Qxd8+ Kxf7 50. Bd5# 1-0

[Event "LAT-ch"]
[Site "Riga"]
[Date "2018.05.04"]
[Round "6"]
[White "Smorodinskis, Igors"]
[Black "Krustkalns, Kristaps"]
[Result "1/2-1/2"]
[WhiteElo "2183"]
[BlackElo "2216"]
[PlyCount "51"]
[EventDate "2018.04.30"]
[EventType "swiss"]
[EventRounds "9"]
[EventCountry "LAT"]
[SourceTitle "CBM 184 Extra"]
[Source "ChessBase"]
[SourceDate "2018.06.28"]
[SourceVersion "1"]
[SourceVersionDate "2018.06.28"]
[SourceQuality "1"]

1. d4 f5 2. c4 Nf6 3. g3 g6 4. Bg2 Bg7 5. Nc3 0-0 6. Nh3 d6 7. 0-0 e5 8. e3 e4 9. b3 Nc6 10. a3 a5 11. Bb2 Bd7 12. Rc1 h6 13. Nf4 g5 14. Nfd5 Nxd5 15. Nxd5 Ne7 16. f3 c6 17. Nxe7+ Qxe7 18. fxe4 fxe4 19. Qc2 Bf5 20. Rf2 Bg6 21. Rcf1 Rxf2 22. Rxf2 Rf8 23. Rxf8+ Kxf8 24. b4 axb4 25. axb4 Kg8 26. h3 1/2-1/2

[Event "LAT-ch"]
[Site "Riga"]
[Date "2018.05.03"]
[Round "5"]
[White "Smorodinskis, Igors"]
[Black "Solomka, Nikita"]
[Result "1-0"]
[WhiteElo "2183"]
[BlackElo "1895"]
[PlyCount "77"]
[EventDate "2018.04.30"]
[EventType "swiss"]
[EventRounds "9"]
[EventCountry "LAT"]
[SourceTitle "CBM 184 Extra"]
[Source "ChessBase"]
[SourceDate "2018.06.28"]
[SourceVersion "1"]
[SourceVersionDate "2018.06.28"]
[SourceQuality "1"]

1. d4 d5 2. c4 e6 3. Nc3 Nf6 4. Bg5 Be7 5. e3 0-0 6. Nf3 c6 7. Rc1 Nbd7 8. Bd3 a6 9. cxd5 exd5 10. 0-0 Ne4 11. Bf4 f5 12. Ne5 Nxe5 13. Bxe5 Bd6 14. f4 Bxe5 15. fxe5 Qg5 16. Qe2 Be6 17. Bxe4 dxe4 18. g3 Qe7 19. b3 Rad8 20. Na4 Kh8 21. Nc5 Bd5 22. Qd2 Rb8 23. Rf2 Rf7 24. Na4 b6 25. Qe2 b5 26. Nc5 a5 27. Qd2 Ra8 28. Qc2 Qg5 29. Rf4 Qh6 30. Rcf1 Raf8 31. Qd2 g5 32. R4f2 f4 33. exf4 e3 34. Qxe3 gxf4 35. Rxf4 Qh3 36. Ne4 Rxf4 37. Rxf4 Rg8 38. Qf2 h5 39. Nf6 1-0